00501nam a2200193 a 4500001001300000003000900013005001700022008004100039020000900080082001900089100002100108245002100129260005400150300000900204500003500213505001500248650002300263700002100286nice12345678IN_TiNIC20260116012429.0050524s1989 hyda grp 000 0 tel  ac2000a297.1227bAHM3 aAhmed, Hasnuddin aQuran Teluputaku aHyderabad bMarkazi Anjuman Taleemus Salat c1989 a276p aincludes index and biblioraphy2 aAppendices aQuran-Hermeneutics1 aAhmed, Hasnuddin